The Idea of Pakistan. (Record no. 348627)

000 -LEADER
fixed length control field 00368 a2200145 4500
020 ## - INTERNATIONAL STANDARD BOOK NUMBER
International Standard Book Number 9694024919
082 ## - DEWEY DECIMAL CLASSIFICATION NUMBER
Classification number 954.91
090 ## - LOCALLY ASSIGNED LC-TYPE CALL NUMBER (OCLC); LOCAL CALL NUMBER (RLIN)
-- 6257
-- 6257
100 ## - MAIN ENTRY--PERSONAL NAME
Personal name Cohen,Stephen Philip.
245 ## - TITLE STATEMENT
Title The Idea of Pakistan.
Statement of responsibility, etc. Stephen Philip Cohen
260 ## - PUBLICATION, DISTRIBUTION, ETC.
Place of publication, distribution, etc. Islamabad.
Name of publisher, distributor, etc. Vanguard Books.
Date of publication, distribution, etc. 2005.
300 ## - PHYSICAL DESCRIPTION
Extent 382p.
500 ## - GENERAL NOTE
General note Hard cover
942 ## - ADDED ENTRY ELEMENTS (KOHA)
Institution code [OBSOLETE] NBS
Koha item type Book
Call number prefix 954.91 COH
Holdings
Withdrawn status Lost status Damaged status Not for loan Permanent Location Current Location Date acquired Total Checkouts Total Renewals Full call number Barcode Date last seen Date last checked out Price effective from Koha item type
        NUST Law School (NLS) NUST Law School (NLS) 08/28/2013 7 6 954.91 COH NBS8601 08/10/2023 01/03/2022 08/28/2013 Book
© 2023 Central Library, National University of Sciences and Technology. All Rights Reserved.